00515nam a22001457a 4500003000500000038001800005082000800023100001900031245013800050264003400188300002500222650003200247700003300279856005700312NUST aNusrat Nadeem a200 aZain, Muhammad aA Modified Framework for Seismic Fragility Assessment of School Buildings in High-Intensity Seismic Zones of Pakistan/cMuhammad Zain aIslamabad;bSCEE NUST;c2022. a119,p;bill;c30,cm. aPhD- Structural Engineering aSupervisor:Dr.Muhammad Usman uhttp://10.250.8.41:8080/xmlui/handle/123456789/40124